四半期経済予測 : 段階的接近法・25回 (昭48.12)

Spremljeno u:
Bibliografski detalji
Autor kompanije: 日本経済研究センター
Format: Knjiga
Jezik:Undetermined
Izdano: 東京 日本経済研究センター 1973
Teme:
Oznake: Dodaj oznaku
Bez oznaka, Budi prvi tko označuje ovaj zapis!
Thư viện lưu trữ: Trung tâm Học liệu Trường Đại học Cần Thơ
LEADER 00594nam a2200205Ia 4500
001 CTU_83952
008 210402s9999 xx 000 0 und d
082 |a 330.952 
082 |b N691 
110 |a 日本経済研究センター 
245 0 |a 四半期経済予測 : 
245 0 |b 段階的接近法・25回 (昭48.12) 
245 0 |c 日本経済研究センター 
260 |a 東京 
260 |b 日本経済研究センター 
260 |c 1973 
650 |a Economic conditions 
650 |x Japan 
904 |i Ngoc, QHieu 
980 |a Trung tâm Học liệu Trường Đại học Cần Thơ